Catálogo

PODER JUDICIAL 2007 A 150 AÑOS DE LA CONSTITUCION DE 1857 : (Registro nro. 49681)

Detalles MARC
000 -LEADER
fixed length control field 01039nam a2200205 a 4500
001 - CONTROL NUMBER
control field 49681
005 - DATE AND TIME OF LATEST TRANSACTION
control field 20180714034453.0
008 - FIXED-LENGTH DATA ELEMENTS--GENERAL INFORMATION
fixed length control field 140415s2007 mx 000 0 spa d
041 ## - LANGUAGE CODE
Language code of text/sound track or separate title spa
082 ## - DEWEY DECIMAL CLASSIFICATION NUMBER
Classification number 972.48
Item number PUE
100 1# - MAIN ENTRY--PERSONAL NAME
Personal name PUEBLA. PODER JUDICIAL DEL ESTADO DE PUEBLA
245 10 - TITLE STATEMENT
Title PODER JUDICIAL 2007 A 150 AÑOS DE LA CONSTITUCION DE 1857 :
Remainder of title (SU ENTORNO POBLANO: LEGISLATIVO-POLITICO-MILITAR).
250 ## - EDITION STATEMENT
Edition statement 1a ed.
260 ## - PUBLICATION, DISTRIBUTION, ETC.
Place of publication, distribution, etc. MEXICO :
Name of publisher, distributor, etc. TRIBUNAL SUPERIOR DE JUSTICIA DEL ESTADO DE PUEBLA,
Date of publication, distribution, etc. 2007.
300 ## - PHYSICAL DESCRIPTION
Dimensions 17.4 x 1.1 x 23.
490 ## - SERIES STATEMENT
Series statement LATIN AMERICAN AND LATINO ART AND CULTURE
500 ## - GENERAL NOTE
General note COLECCIÓN PUEBLA
520 ## - SUMMARY, ETC.
Summary, etc. AL PUBLICAR ESTE LIBRO DE LA CONSTITUCIÓN FEDERAL DE 1857. SU AUTOR NOS HACE VER COMO ESTE DOCUMENTO CONSAGRA JUNTO CON LAS LEYES DE REFORMA EL PENSAMIENTO LLIBERAL MEXICANO COMO SE CONSOLIDA LA REPÚBLICA Y COMO SE HACEN SÓLIDAS LAS INSTITUCIONES JURÍDICO POLÍTICAS DE NUESTRO PAÍS.
650 14 - SUBJECT ADDED ENTRY--TOPICAL TERM
Topical term or geographic name entry element CONSTITUCIONES
General subdivision PUEBLA
-- DERECHO CONSTITUCIONAL
-- PODER JUDICIAL
-- PUEBLA
Existencias
Withdrawn status Lost status Source of classification or shelving scheme Damaged status Not for loan Collection code Home library Current library Shelving location Date acquired Source of acquisition Inventory number Total Checkouts Full call number Barcode Date last seen Price effective from Koha item type
    Dewey Decimal Classification   Consulta en sala Puebla Biblioteca Karol Wojtyla Biblioteca Karol Wojtyla Área de silencio 03/12/2013 Compra 151000000000000000073277   972.48 PUE 74207 05/01/2026 18/01/2016 Libro